[Event "Festival St-Denis"]
[Site "Montreal CAN"]
[Date "2017.07.25"]
[Round "4.11"]
[White "Marin, Sam"]
[Black "Abbas, Talal"]
[Result "1-0"]
[WhiteElo "2024"]
[BlackElo "1923"]
[WhiteFideId "-1"]
[WhiteFideId "-1"]
[PlyCount "69"]
[GameId "2160767908347808"]
[EventDate "2017.07.22"]
[EventType "swiss"]
[EventRounds "9"]
[EventCountry "CAN"]

1. c4 c6 2. Nf3 Nf6 3. Nc3 d5 4. cxd5 cxd5 5. d4 Nc6 6. e3 Bf5 7. Bd3 Bxd3 8. Qxd3 e6 9. O-O Be7 10. Ne5 O-O 11. f4 Rc8 12. Bd2 Bb4 13. Nb1 Bd6 14. Bc3 Ne4 15. Nd2 f5 16. Nxe4 fxe4 17. Qb5 Bxe5 18. dxe5 Rf7 19. f5 Rxf5 20. Rxf5 exf5 21. Rd1 Rc7 22. Rxd5 Rd7 23. Rxd7 Qxd7 24. e6 Qd3 25. Qxf5 Qxe3+ 26. Qf2 Qxf2+ 27. Kxf2 Ne7 28. Ke3 Nd5+ 29. Kxe4 Nxc3+ 30. bxc3 Kf8 31. Kd5 Ke7 32. c4 g6 33. c5 g5 34. g4 h6 35. h3 1-0

[Event "Festival St-Denis"]
[Site "Montreal CAN"]
[Date "2017.07.25"]
[Round "4.12"]
[White "Vignalou, Joseph"]
[Black "Gauthier, Denis"]
[Result "0-1"]
[WhiteElo "1848"]
[BlackElo "1944"]
[WhiteFideId "-1"]
[WhiteFideId "-1"]
[PlyCount "160"]
[GameId "2160767908347809"]
[EventDate "2017.07.22"]
[EventType "swiss"]
[EventRounds "9"]
[EventCountry "CAN"]

1. e4 c5 2. Nf3 Nc6 3. Bb5 e6 4. Nc3 Nge7 5. d4 cxd4 6. Nxd4 a6 7. Bxc6 Nxc6 8. O-O Be7 9. Nxc6 bxc6 10. e5 d5 11. exd6 Qxd6 12. Qxd6 Bxd6 13. Be3 Rb8 14. Rad1 Be5 15. Ne4 Rxb2 16. f4 Bc7 17. Bd4 Bb6 18. Nd6+ Ke7 19. Rfe1 Bxd4+ 20. Rxd4 c5 21. Rd2 Bb7 22. Nxb7 Rxb7 23. Re5 Rc8 24. c4 Rb4 25. Rc2 f6 26. Re3 Rd8 27. Ra3 Rd6 28. Ra5 Rc6 29. Kf2 Kd7 30. Ke2 Kc7 31. Ra3 Rd6 32. Rh3 h6 33. Rd3 Rxd3 34. Kxd3 Rb1 35. Ke2 g6 36. Kd2 Rf1 37. Ke3 Rd1 38. Ke2 Rd4 39. Ke3 Kb6 40. Rc3 Kc6 41. Ra3 Rxc4 42. Rxa6+ Kd5 43. a4 Rc2 44. Kf3 c4 45. a5 c3 46. Ra8 Ra2 47. a6 c2 48. Rc8 Ra3+ 49. Ke2 Rxa6 50. Rxc2 e5 51. fxe5 fxe5 52. Ke3 Ra3+ 53. Ke2 Ra6 54. Rd2+ Ke4 55. Rb2 h5 56. Rb4+ Kf5 57. Rb2 g5 58. Rc2 Ra1 59. Ke3 Re1+ 60. Kf2 Rh1 61. h3 Rd1 62. Ke2 Rb1 63. Kf2 h4 64. Ra2 Kf4 65. Ra4+ e4 66. Ra3 Rd1 67. Ke2 Rb1 68. Rc3 Rb2+ 69. Kf1 Ra2 70. Rb3 Rd2 71. Ra3 Rd3 72. Ra4 Ke3 73. Ra1 Rb3 74. Re1+ Kf4 75. Kf2 Rb2+ 76. Kf1 e3 77. Kg1 Rd2 78. Rf1+ Ke4 79. Rf8 Rd1+ 80. Rf1 e2 0-1

[Event "Festival St-Denis"]
[Site "Montreal CAN"]
[Date "2017.07.25"]
[Round "4.13"]
[White "Haji Ghanbari, Nader"]
[Black "Nica, Ion"]
[Result "1-0"]
[WhiteElo "1859"]
[BlackElo "1743"]
[WhiteFideId "-1"]
[WhiteFideId "-1"]
[PlyCount "111"]
[GameId "2160767908347810"]
[EventDate "2017.07.22"]
[EventType "swiss"]
[EventRounds "9"]
[EventCountry "CAN"]

1. d4 Nf6 2. c4 Nc6 3. Nc3 e5 4. d5 Ne7 5. e4 Ng6 6. h4 Bb4 7. h5 Nf8 8. h6 gxh6 9. Bd2 Qe7 10. Nce2 Bc5 11. Ng3 d6 12. Be2 Bd7 13. Bxh6 Rg8 14. Bd2 a6 15. Bf3 O-O-O 16. N1e2 Bg4 17. b4 Ba7 18. b5 axb5 19. cxb5 N8d7 20. Qa4 Kb8 21. Rc1 Nc5 22. Qc4 Bxf3 23. gxf3 Nfd7 24. Nf5 Qe8 25. Qc2 Nb6 26. Rb1 Qd7 27. Be3 Rg2 28. Bxc5 dxc5 29. Nfg3 Nxd5 30. exd5 Qxd5 31. Qe4 Qxe4 32. fxe4 c4 33. b6 Bxb6 34. Rxh7 Bxf2+ 35. Kf1 Rxg3 36. Kxf2 Ra3 37. Rb2 c3 38. Rb3 Rxa2 39. Rxc3 Rdd2 40. Re3 f6 41. Kf3 Ka7 42. Rxc7 Ka6 43. Rf7 b5 44. Rxf6+ Ka5 45. Re6 b4 46. Rxe5+ Ka4 47. Re8 Rab2 48. e5 Rd5 49. Ke4 Ra5 50. Rb8 Rb3 51. Rxb3 Kxb3 52. Nd4+ Kc4 53. Rxb4+ Kc3 54. Rb3+ Kc4 55. Rb8 Ra4 56. Rc8+ 1-0

[Event "Festival St-Denis"]
[Site "Montreal CAN"]
[Date "2017.07.25"]
[Round "4.14"]
[White "Johnson-Constantin, Mathieu"]
[Black "Joanis, Marc-Andre"]
[Result "0-1"]
[WhiteElo "2048"]
[BlackElo "1849"]
[WhiteFideId "-1"]
[WhiteFideId "-1"]
[PlyCount "128"]
[GameId "2160767908347811"]
[EventDate "2017.07.22"]
[EventType "swiss"]
[EventRounds "9"]
[EventCountry "CAN"]

1. e4 e5 2. Nf3 Nc6 3. Bb5 a6 4. Ba4 Nf6 5. O-O Be7 6. Re1 b5 7. Bb3 d6 8. h3 Na5 9. d4 Nxb3 10. axb3 Nd7 11. Nc3 Bb7 12. d5 O-O 13. g4 h6 14. Ne2 Bg5 15. Bxg5 hxg5 16. Qd2 f6 17. Kg2 g6 18. Ng3 Nb6 19. h4 Qd7 20. Rh1 Qxg4 21. hxg5 Qf4 22. Qxf4 exf4 23. Ne2 fxg5 24. Nxg5 f3+ 25. Nxf3 Rae8 26. Rh6 Rxe4 27. Rxg6+ Kf7 28. Ng5+ Kxg6 29. Nxe4 Nxd5 30. N2g3 Rf4 31. Re1 Nb4 32. c3 Nd3 33. Re2 Rxe4 34. Rxe4 Bxe4+ 35. Nxe4 Nxb2 36. f4 a5 37. Nd2 a4 38. bxa4 bxa4 39. Kf3 Kf5 40. Ke3 Nd1+ 41. Kd3 Kxf4 42. Kc2 Ne3+ 43. Kb2 Nd5 44. c4 Nb6 45. Kc3 Ke3 46. Nb1 c6 47. Na3 d5 48. Nc2+ Ke4 49. cxd5 Nxd5+ 50. Kb2 Kd3 51. Ne1+ Kc4 52. Ka3 Nb6 53. Kb2 c5 54. Nc2 Kd3 55. Ne1+ Ke2 56. Nc2 Kd2 57. Na3 Kd3 58. Nc2 Nc4+ 59. Kb1 a3 60. Na1 Nd6 61. Ka2 Nb5 62. Kb3 c4+ 63. Kb4 Nd4 64. Ka4 a2 0-1

[Event "Festival St-Denis"]
[Site "Montreal CAN"]
[Date "2017.07.26"]
[Round "5.2"]
[White "Sambuev, Bator"]
[Black "Mikhalevski, Victor"]
[Result "1-0"]
[WhiteElo "2626"]
[BlackElo "2600"]
[WhiteFideId "-1"]
[WhiteFideId "-1"]
[PlyCount "83"]
[GameId "2160767908347813"]
[EventDate "2017.07.22"]
[EventType "swiss"]
[EventRounds "9"]
[EventCountry "CAN"]

1. Nf3 Nf6 2. c4 g6 3. Nc3 d5 4. cxd5 Nxd5 5. e4 Nxc3 6. dxc3 Qxd1+ 7. Kxd1 f6 8. Kc2 e5 9. Nd2 Bc5 10. f3 a5 11. a4 b6 12. Nb3 Bd6 13. Bc4 Bb7 14. Rd1 Ke7 15. Be3 Nd7 16. Bd5 c6 17. Bc4 Bc8 18. g3 Rb8 19. f4 h5 20. h4 Bc7 21. Rd2 Bb7 22. Rf1 c5 23. Bd5 c4 24. Nc1 Bd6 25. Ne2 Bxd5 26. Rxd5 Rbc8 27. Rfd1 Rc6 28. Ng1 Nc5 29. Bxc5 bxc5 30. fxe5 Bxe5 31. Nf3 Bxg3 32. Rg1 Bf4 33. Rxg6 Rb8 34. Rg7+ Kf8 35. Rh7 Kg8 36. Rdxh5 Rb3 37. Rh8+ Kf7 38. R5h7+ Ke6 39. Re8+ Kd6 40. Rd8+ Ke6 41. Rdd7 Bd6 42. Nd2 1-0

[Event "Festival St-Denis"]
[Site "Montreal CAN"]
[Date "2017.07.26"]
[Round "5.3"]
[White "Huang, Qiuyu"]
[Black "Durette, Francis"]
[Result "1-0"]
[WhiteElo "2265"]
[BlackElo "2094"]
[WhiteFideId "-1"]
[WhiteFideId "-1"]
[PlyCount "167"]
[GameId "2160767908347814"]
[EventDate "2017.07.22"]
[EventType "swiss"]
[EventRounds "9"]
[EventCountry "CAN"]

1. e4 e5 2. Nf3 Nc6 3. Bc4 Bc5 4. c3 Nf6 5. d3 d6 6. Bb3 O-O 7. Bg5 a5 8. Nbd2 Bg4 9. h3 Bh5 10. Nf1 h6 11. Bh4 g5 12. Bg3 Qd7 13. Ne3 Ne7 14. Bc2 b5 15. a3 Bb6 16. h4 g4 17. Nh2 c6 18. Qd2 Qa7 19. Bd1 Bxe3 20. Qxe3 Qxe3+ 21. fxe3 b4 22. O-O Kg7 23. Be2 c5 24. a4 Rab8 25. c4 Rfe8 26. Rf2 Nc6 27. Nf1 Bg6 28. h5 Bxh5 29. Bh4 Re6 30. Ng3 Bg6 31. Raf1 Nh5 32. Nf5+ Kh7 33. Bxg4 Rb7 34. Rf3 b3 35. Rh3 Nb4 36. Be1 Nf6 37. Rxh6+ Kg8 38. Be2 Nxe4 39. dxe4 Bxf5 40. Rh4 Bg6 41. Bg4 Re8 42. Bf5 Nd3 43. Bc3 Rb6 44. g4 Kg7 45. Rh2 Nb4 46. Be1 Rh8 47. Bh4 Rh7 48. Rf3 Rb8 49. Bxg6 Rxh4 50. Rxh4 Kxg6 51. g5 Nc2 52. Rh6+ Kg7 53. Rxd6 Na3 54. Rd7 Nxc4 55. Rfxf7+ Kh8 56. Rh7+ Kg8 57. Rdg7+ Kf8 58. Rf7+ Kg8 59. Rfg7+ Kf8 60. Rb7 Rxb7 61. Rxb7 Nd2 62. Kf2 Nxe4+ 63. Ke1 c4 64. Rc7 c3 65. bxc3 b2 66. Rb7 Nc5 67. Rb8+ Kg7 68. Kd2 Nxa4 69. Kc2 Kg6 70. Rxb2 Nxb2 71. Kxb2 Kxg5 72. Kb3 Kf5 73. c4 Ke6 74. Ka4 Kd6 75. Kb5 e4 76. c5+ Kd5 77. c6 Kd6 78. Kb6 Kd5 79. c7 Kc4 80. Kxa5 Kd3 81. c8=Q Kxe3 82. Qc2 Kf3 83. Qd2 e3 84. Qe1 1-0

[Event "Festival St-Denis"]
[Site "Montreal CAN"]
[Date "2017.07.26"]
[Round "5.8"]
[White "Gauthier, Denis"]
[Black "Saha, Ananda"]
[Result "1/2-1/2"]
[WhiteElo "1944"]
[BlackElo "2144"]
[WhiteFideId "-1"]
[WhiteFideId "-1"]
[PlyCount "123"]
[GameId "2160767908347818"]
[EventDate "2017.07.22"]
[EventType "swiss"]
[EventRounds "9"]
[EventCountry "CAN"]

1. d4 d5 2. c4 e6 3. Nc3 Be7 4. cxd5 exd5 5. Bf4 Nf6 6. e3 O-O 7. Bd3 c6 8. h3 Nbd7 9. Nf3 Re8 10. O-O Nf8 11. Ne5 Ng6 12. Bh2 Nxe5 13. Bxe5 Nd7 14. Bg3 Nf8 15. a3 Bd6 16. Ne2 Bxg3 17. Nxg3 g6 18. b4 f5 19. b5 Ne6 20. bxc6 bxc6 21. Qc2 Bd7 22. Ne2 Qf6 23. g3 f4 24. exf4 Nxd4 25. Nxd4 Qxd4 26. f5 g5 27. Rad1 Qf6 28. g4 h5 29. f3 hxg4 30. fxg4 Re3 31. Qh2 Qd4 32. Qf2 Rae8 33. Be2 Rg3+ 34. Kh2 Qxf2+ 35. Rxf2 Ree3 36. Bf1 Rxa3 37. Rb2 Rgb3 38. Re2 Rb7 39. Re7 Ra2+ 40. Kg1 Rab2 41. Rde1 R2b6 42. f6 c5 43. Rg7+ Kf8 44. Ree7 Rxf6 45. Bd3 Rb3 46. Bh7 Be6 47. Rxa7 Rxh3 48. Rgb7 Bf7 49. Bf5 c4 50. Rc7 d4 51. Rd7 d3 52. Rac7 Re3 53. Kf2 Re8 54. Kf3 Be6 55. Rh7 Bd5+ 56. Kg3 d2 57. Rh8+ Bg8 58. Bh7 Re3+ 59. Kg2 Re2+ 60. Kg3 Re3+ 61. Kg2 Re2+ 62. Kg3 1/2-1/2

[Event "Festival St-Denis"]
[Site "Montreal CAN"]
[Date "2017.07.26"]
[Round "5.9"]
[White "Yagiz, Bora"]
[Black "Marin, Sam"]
[Result "1-0"]
[WhiteElo "1837"]
[BlackElo "2024"]
[WhiteFideId "-1"]
[WhiteFideId "-1"]
[PlyCount "49"]
[GameId "2160767908347819"]
[EventDate "2017.07.22"]
[EventType "swiss"]
[EventRounds "9"]
[EventCountry "CAN"]

1. e4 e5 2. d4 exd4 3. Qxd4 Nc6 4. Qe3 d6 5. Nc3 Nf6 6. Bd2 Be7 7. O-O-O O-O 8. Bd3 Ne5 9. f3 c6 10. g4 Be6 11. Nge2 Nc4 12. Bxc4 Bxc4 13. Ng3 d5 14. Nf5 Bb4 15. b3 Ba3+ 16. Kb1 Ba6 17. g5 Ne8 18. exd5 cxd5 19. Qd4 Qd7 20. Nxg7 Nxg7 21. Nxd5 Qf5 22. Bc3 f6 23. gxf6 Ne6 24. Rhg1+ Kf7 25. Qa4 1-0

[Event "Festival St-Denis"]
[Site "Montreal CAN"]
[Date "2017.07.26"]
[Round "5.10"]
[White "Voskanyan, Vahagn"]
[Black "Joanis, Marc-Andre"]
[Result "1-0"]
[WhiteElo "2255"]
[BlackElo "1849"]
[WhiteFideId "-1"]
[WhiteFideId "-1"]
[PlyCount "89"]
[GameId "2160767908347820"]
[EventDate "2017.07.22"]
[EventType "swiss"]
[EventRounds "9"]
[EventCountry "CAN"]

1. Nf3 Nf6 2. c4 b6 3. g3 Bb7 4. Bg2 e6 5. b3 c5 6. Bb2 Be7 7. O-O O-O 8. Nc3 d6 9. d4 cxd4 10. Qxd4 a6 11. Rad1 Nbd7 12. h3 Re8 13. Rd2 Bf8 14. Rfd1 Nc5 15. Ne1 Bxg2 16. Nxg2 Qb8 17. b4 Ncd7 18. Ne4 Nxe4 19. Qxe4 a5 20. a3 Qc7 21. Ne3 Rac8 22. Qg4 f5 23. Qf3 Nf6 24. Bxf6 gxf6 25. g4 Qg7 26. Kh1 fxg4 27. hxg4 axb4 28. axb4 d5 29. cxd5 Bxb4 30. Rb2 Bc5 31. dxe6 Qh6+ 32. Kg2 Bxe3 33. Rh1 Qf4 34. fxe3 Qxf3+ 35. exf3 Rxe6 36. e4 Rec6 37. Kg3 Kg7 38. Rh5 Kg6 39. Rbh2 Rh8 40. Rh6+ Kg7 41. g5 Rc1 42. gxf6+ Kf7 43. Rxh7+ Rxh7 44. Rxh7+ Kxf6 45. Rh6+ 1-0

[Event "Festival St-Denis"]
[Site "Montreal CAN"]
[Date "2017.07.26"]
[Round "5.11"]
[White "Steinberg, Ellis"]
[Black "Haji Ghanbari, Nader"]
[Result "0-1"]
[WhiteElo "1815"]
[BlackElo "1859"]
[WhiteFideId "-1"]
[WhiteFideId "-1"]
[PlyCount "142"]
[GameId "2160767908347821"]
[EventDate "2017.07.22"]
[EventType "swiss"]
[EventRounds "9"]
[EventCountry "CAN"]

1. e4 c5 2. Nf3 e6 3. d3 Nc6 4. g3 Nf6 5. Bg2 d5 6. Nbd2 Be7 7. O-O O-O 8. e5 Nd7 9. Re1 Qc7 10. Qe2 b6 11. c3 a5 12. Nf1 a4 13. Bf4 Ba6 14. h4 Rad8 15. N1h2 Rfe8 16. Ng4 Nf8 17. Ng5 Ng6 18. h5 Nxf4 19. gxf4 h6 20. Nh3 Kh8 21. Qf3 Bc8 22. Kh1 Bh4 23. Rg1 Ne7 24. Bf1 d4 25. Bg2 Nf5 26. c4 Rd7 27. Qc6 Qa7 28. Qb5 Bb7 29. b3 a3 30. Bc6 Rc7 31. Bxb7 Qxb7+ 32. Rg2 Ra8 33. b4 Be7 34. bxc5 Rxc5 35. Qb3 Nh4 36. Rag1 b5 37. Kh2 Nf3+ 38. Kh1 Qc6 39. cxb5 Rxb5 40. Qc4 Rc5 41. Qb3 Nh4 42. Kh2 Nxg2 43. Rxg2 Rc3 44. Qd1 Rc1 45. Qb3 Rc2 46. f3 Rxg2+ 47. Kxg2 Rc8 48. Nhf2 Qc7 49. Kg3 Rb8 50. Qa4 Qd8 51. Ne4 Rb2 52. Qc4 Bh4+ 53. Kh3 Be1 54. Ng3 Kg8 55. f5 exf5 56. Nxf5 Qg5 57. Ng3 Qf4 58. Qc8+ Kh7 59. Qf5+ Qxf5 60. Nxf5 Bc3 61. Nd6 Kg8 62. f4 Rxa2 63. f5 Re2 64. Ne4 a2 65. e6 fxe6 66. fxe6 Bb4 67. Ngf6+ gxf6 68. Nxf6+ Kf8 69. Ne4 Rxe4 70. dxe4 a1=Q 71. e7+ Kxe7 0-1

[Event "Festival St-Denis"]
[Site "Montreal CAN"]
[Date "2017.07.26"]
[Round "5.12"]
[White "Guipi Bopala, Prince Eric jr"]
[Black "Vignalou, Joseph"]
[Result "1-0"]
[WhiteElo "1941"]
[BlackElo "1848"]
[WhiteFideId "-1"]
[WhiteFideId "-1"]
[PlyCount "59"]
[GameId "2160767908347822"]
[EventDate "2017.07.22"]
[EventType "swiss"]
[EventRounds "9"]
[EventCountry "CAN"]

1. d4 Nf6 2. Bf4 g6 3. c3 Bg7 4. Nd2 d5 5. e3 O-O 6. Bd3 Nbd7 7. h3 c5 8. Ngf3 c4 9. Bc2 b5 10. a4 Nb6 11. axb5 Bd7 12. Bh2 Bxb5 13. O-O a5 14. Ne5 Nfd7 15. Nxd7 Qxd7 16. e4 e6 17. Re1 Qb7 18. Qf3 Bc6 19. Bd6 Rfd8 20. Ba3 Bf8 21. Re2 Bxa3 22. bxa3 Ba4 23. Bxa4 Nxa4 24. Rb1 Qc6 25. exd5 Qxd5 26. Ne4 Qf5 27. Qg3 Kg7 28. Rb7 e5 29. Ng5 Nxc3 30. Rxe5 1-0

[Event "Festival St-Denis"]
[Site "Montreal CAN"]
[Date "2017.07.26"]
[Round "5.13"]
[White "Nica, Ion"]
[Black "Goldner, John"]
[Result "0-1"]
[WhiteElo "1743"]
[BlackElo "1766"]
[WhiteFideId "-1"]
[WhiteFideId "-1"]
[PlyCount "80"]
[GameId "2160767908347823"]
[EventDate "2017.07.22"]
[EventType "swiss"]
[EventRounds "9"]
[EventCountry "CAN"]

1. b3 e5 2. Bb2 Nc6 3. e3 Nf6 4. Nf3 e4 5. Nd4 d5 6. Bb5 Bd7 7. Nxc6 bxc6 8. Be2 Bd6 9. d3 O-O 10. dxe4 Nxe4 11. h4 Bb4+ 12. Kf1 Be7 13. Nd2 f5 14. Nf3 f4 15. exf4 Rxf4 16. Be5 Rf5 17. g4 Rf7 18. g5 g6 19. Kg2 Bg4 20. Rf1 Rf5 21. Bg3 Nc3 22. Qd3 Nxe2 23. Qxe2 Bxf3+ 24. Qxf3 Rxf3 25. Kxf3 Qf8+ 26. Kg2 Bd6 27. f4 Qf5 28. Rf2 Re8 29. Raf1 Qg4 30. h5 Re3 31. Rf3 Rxf3 32. Rxf3 gxh5 33. Kf2 Bc5+ 34. Ke2 h4 35. Bf2 Qg2 36. c3 h3 37. b4 Bb6 38. a4 h2 39. a5 Qxf2+ 40. Rxf2 Bxf2 0-1

[Event "Festival St-Denis"]
[Site "Montreal CAN"]
[Date "2017.07.26"]
[Round "5.14"]
[White "Abbas, Talal"]
[Black "Gagnon, Boris"]
[Result "1-0"]
[WhiteElo "1923"]
[BlackElo "1962"]
[WhiteFideId "-1"]
[WhiteFideId "-1"]
[PlyCount "27"]
[GameId "2160767908347824"]
[EventDate "2017.07.22"]
[EventType "swiss"]
[EventRounds "9"]
[EventCountry "CAN"]

1. d4 Nf6 2. c4 e6 3. Nf3 d5 4. Nc3 Be7 5. cxd5 exd5 6. Bg5 O-O 7. Qc2 h6 8. Bf4 c6 9. e3 Nbd7 10. Bd3 Re8 11. g4 Nf8 12. g5 hxg5 13. Nxg5 Nh5 14. Bh7+ 1-0

[Event "Festival St-Denis"]
[Site "Montreal CAN"]
[Date "2017.07.27"]
[Round "6.1"]
[White "Bakre, Tejas"]
[Black "Sambuev, Bator"]
[Result "1-0"]
[WhiteElo "2449"]
[BlackElo "2626"]
[WhiteFideId "-1"]
[WhiteFideId "-1"]
[PlyCount "119"]
[GameId "2160767908347825"]
[EventDate "2017.07.22"]
[EventType "swiss"]
[EventRounds "9"]
[EventCountry "CAN"]

1. Nf3 Nf6 2. c4 e6 3. g3 d5 4. Bg2 c5 5. cxd5 exd5 6. d4 Be7 7. O-O O-O 8. Nc3 Nc6 9. Bg5 c4 10. Ne5 Be6 11. b3 Rc8 12. bxc4 dxc4 13. Nxc6 bxc6 14. Rc1 Ba3 15. Rc2 h6 16. Bxf6 Qxf6 17. e3 Rfd8 18. Qh5 Bb4 19. Ne4 Qe7 20. Nd2 Bd5 21. Rfc1 c3 22. Nb1 Bxg2 23. Kxg2 c5 24. a3 Qe4+ 25. Kg1 cxd4 26. axb4 dxe3 27. Qe2 exf2+ 28. Qxf2 Qxb4 29. Qxa7 Rd3 30. Qf2 Rc7 31. Re2 Qb5 32. Na3 Qd5 33. Nc2 Rd1+ 34. Rxd1 Qxd1+ 35. Qe1 Qd6 36. Re8+ Kh7 37. Qe4+ Qg6 38. Qxg6+ Kxg6 39. Kf2 Rd7 40. Re2 Kg5 41. Ne3 f5 42. Kf3 Rd2 43. h4+ Kh5 44. Rxd2 cxd2 45. Kf4 Kg6 46. Ke5 f4 47. Kxf4 Kf6 48. Ke4 Kg6 49. Ke5 Kf7 50. Kf5 Ke7 51. Kg6 Kf8 52. Nd1 Kg8 53. Nf2 Kh8 54. Kf5 Kh7 55. Nd1 Kg8 56. Ke4 Kf7 57. Ke3 Kg6 58. Nf2 Kh5 59. Kf4 Kg6 60. g4 1-0

[Event "Festival St-Denis"]
[Site "Montreal CAN"]
[Date "2017.07.27"]
[Round "6.4"]
[White "Mikhalevski, Victor"]
[Black "Robichaud, Louis"]
[Result "1-0"]
[WhiteElo "2600"]
[BlackElo "2152"]
[WhiteFideId "-1"]
[WhiteFideId "-1"]
[PlyCount "75"]
[GameId "2160767908347828"]
[EventDate "2017.07.22"]
[EventType "swiss"]
[EventRounds "9"]
[EventCountry "CAN"]

1. Nf3 Nf6 2. g3 g6 3. b3 Bg7 4. Bb2 O-O 5. Bg2 d6 6. d4 Nbd7 7. O-O e5 8. dxe5 Ng4 9. Qd2 Ngxe5 10. c4 Re8 11. Nc3 Nc5 12. Rad1 Bf5 13. Nxe5 Bxe5 14. b4 Nd7 15. Nd5 Be6 16. Ne3 c6 17. Ba3 Qb6 18. Rb1 Qa6 19. Qd3 Rac8 20. Rfd1 Bg7 21. b5 Qa4 22. bxc6 bxc6 23. Qb3 Qxb3 24. axb3 d5 25. cxd5 cxd5 26. Nxd5 Bxd5 27. Bxd5 Nb6 28. Bf3 h5 29. Bc1 Rc5 30. Be3 Rc7 31. Rbc1 Rec8 32. Rd8+ Rxd8 33. Rxc7 Rd1+ 34. Kg2 Nd5 35. Bxd5 Rxd5 36. Bxa7 Rb5 37. Rc8+ Kh7 38. Rb8 1-0

[Event "Festival St-Denis"]
[Site "Montreal CAN"]
[Date "2017.07.27"]
[Round "6.5"]
[White "Durette, Francis"]
[Black "Yu, Zong Yang"]
[Result "0-1"]
[WhiteElo "2094"]
[BlackElo "2479"]
[WhiteFideId "-1"]
[WhiteFideId "-1"]
[PlyCount "96"]
[GameId "2160767908347829"]
[EventDate "2017.07.22"]
[EventType "swiss"]
[EventRounds "9"]
[EventCountry "CAN"]

1. c4 g6 2. g3 Bg7 3. Bg2 d6 4. Nc3 Nc6 5. d3 e5 6. e4 Bd7 7. Nge2 Nge7 8. O-O Rb8 9. a4 a5 10. Nb5 Nb4 11. Be3 Be6 12. Na3 O-O 13. Qd2 Qd7 14. b3 f5 15. f3 c5 16. Rad1 Kh8 17. Nb5 Nec6 18. Kh1 Nd4 19. Nexd4 cxd4 20. Bh6 Bxh6 21. Qxh6 Nc2 22. Rd2 Ne3 23. Rc1 Qe7 24. h3 Rf7 25. f4 Bd7 26. Qg5 Qxg5 27. fxg5 Bxb5 28. axb5 b6 29. Rb2 Rbf8 30. Ra1 Nxg2 31. Kxg2 fxe4 32. dxe4 Rf3 33. b4 axb4 34. Rxb4 Rf2+ 35. Kg1 Re2 36. Rba4 Rxe4 37. R4a3 Re2 38. Rc1 e4 39. Rd1 d3 40. Raa1 d2 41. Rf1 Rf3 42. g4 Rg3+ 43. Kh1 Rf3 44. Kg1 Kg7 45. Ra7+ Kf8 46. Ra8+ Ke7 47. Ra7+ Ke6 48. Raa1 Ke5 0-1

[Event "Festival St-Denis"]
[Site "Montreal CAN"]
[Date "2017.07.27"]
[Round "6.6"]
[White "Leveille, Francois"]
[Black "Yagiz, Bora"]
[Result "1/2-1/2"]
[WhiteElo "2310"]
[BlackElo "1837"]
[WhiteFideId "-1"]
[WhiteFideId "-1"]
[PlyCount "53"]
[GameId "2160767908347830"]
[EventDate "2017.07.22"]
[EventType "swiss"]
[EventRounds "9"]
[EventCountry "CAN"]

1. e4 d6 2. Nc3 e5 3. Bc4 Nf6 4. d3 Be7 5. f4 Nc6 6. Nf3 Bg4 7. h3 Bxf3 8. Qxf3 Na5 9. Be3 exf4 10. Bxf4 Nxc4 11. dxc4 Nd7 12. O-O O-O 13. Rad1 Bf6 14. c5 Be5 15. Bxe5 Nxe5 16. Qg3 f6 17. Nd5 Kh8 18. Qb3 b6 19. Nf4 Qe7 20. Qe6 Rfe8 21. Qxe7 Rxe7 22. Nd5 Rd7 23. cxd6 c6 24. Nf4 Rad8 25. Ne6 Re8 26. Nc7 Red8 27. Ne6 1/2-1/2

[Event "Festival St-Denis"]
[Site "Montreal CAN"]
[Date "2017.07.27"]
[Round "6.8"]
[White "Saha, Ananda"]
[Black "Voskanyan, Vahagn"]
[Result "0-1"]
[WhiteElo "2144"]
[BlackElo "2255"]
[WhiteFideId "-1"]
[WhiteFideId "-1"]
[PlyCount "78"]
[GameId "2160767908347831"]
[EventDate "2017.07.22"]
[EventType "swiss"]
[EventRounds "9"]
[EventCountry "CAN"]

1. d4 Nf6 2. Nf3 d5 3. c3 Bf5 4. Bf4 e6 5. e3 Nbd7 6. Nbd2 c5 7. h3 h6 8. Be2 Be7 9. O-O O-O 10. Ne5 Nxe5 11. Bxe5 Nd7 12. Bg3 a6 13. f3 cxd4 14. exd4 b5 15. Nb3 Qb6 16. Bf2 Rfc8 17. g4 Bh7 18. Bd3 b4 19. Bxh7+ Kxh7 20. Qd3+ Kg8 21. Rac1 a5 22. Nd2 Bg5 23. Be3 Bxe3+ 24. Qxe3 bxc3 25. bxc3 Qb2 26. c4 dxc4 27. Nxc4 Qxa2 28. Nd6 Rxc1 29. Rxc1 Qd5 30. Qf4 e5 31. dxe5 Nxe5 32. Nf5 Re8 33. Rf1 Ng6 34. Qa4 Re2 35. Ng3 Ra2 36. Qe8+ Kh7 37. Rf2 Qd4 38. Ne2 Qd1+ 39. Kg2 Rxe2 0-1

[Event "Festival St-Denis"]
[Site "Montreal CAN"]
[Date "2017.07.27"]
[Round "6.9"]
[White "Guipi Bopala, Prince Eric jr"]
[Black "Gauthier, Denis"]
[Result "0-1"]
[WhiteElo "1941"]
[BlackElo "1944"]
[WhiteFideId "-1"]
[WhiteFideId "-1"]
[PlyCount "56"]
[GameId "2160767739316824"]
[EventDate "2017.07.22"]
[EventType "swiss"]
[EventRounds "9"]
[EventCountry "CAN"]

1. d4 Nf6 2. Bf4 d6 3. e3 Nbd7 4. c3 g6 5. Nd2 Bg7 6. Bd3 b6 7. h3 Bb7 8. e4 e5 9. Bh2 exd4 10. cxd4 O-O 11. Qc2 Re8 12. Ne2 Rc8 13. f3 Qe7 14. Qb3 c5 15. d5 Ne5 16. Bb5 Red8 17. Bc4 Bh6 18. Nf4 Nxc4 19. Qxc4 Bxf4 20. Bxf4 Nxd5 21. Bg3 Ne3 22. Qc3 Nf5 23. Kf2 Nxg3 24. Kxg3 Qe5+ 25. Kf2 Qxc3 26. bxc3 d5 27. e5 d4 28. a4 Bc6 {...} 0-1

[Event "Festival St-Denis"]
[Site "Montreal CAN"]
[Date "2017.07.27"]
[Round "6.10"]
[White "Haji Ghanbari, Nader"]
[Black "Marin, Sam"]
[Result "0-1"]
[WhiteElo "1859"]
[BlackElo "2024"]
[WhiteFideId "-1"]
[WhiteFideId "-1"]
[PlyCount "96"]
[GameId "2160767908347832"]
[EventDate "2017.07.22"]
[EventType "swiss"]
[EventRounds "9"]
[EventCountry "CAN"]

1. d4 Nf6 2. c4 e6 3. Nc3 Bb4 4. Qc2 c5 5. dxc5 O-O 6. Nf3 Na6 7. Bf4 Nxc5 8. e3 Nce4 9. Bd3 d5 10. O-O Bxc3 11. bxc3 b6 12. cxd5 Nc5 13. d6 Bb7 14. Rad1 h6 15. Nd4 Nh5 16. Nb3 Nxf4 17. exf4 Rc8 18. Nxc5 Rxc5 19. Rfe1 Qf6 20. Be4 Rxc3 21. Qxc3 Qxc3 22. Bxb7 Rd8 23. Rf1 Rd7 24. f5 Qc5 25. fxe6 fxe6 26. Rc1 Qxd6 27. Rc6 Qe5 28. Bc8 Rd6 29. Rc7 a5 30. a4 Qd4 31. g3 Qxa4 32. Rcc1 Qd4 33. Bb7 b5 34. Bf3 b4 35. Rfd1 Qb6 36. Rc8+ Kf7 37. Rdc1 Rd2 38. R1c5 b3 39. R8c6 Qd8 40. Bh5+ g6 41. Rc8 Qd4 42. R5c7+ Kf6 43. Rf8+ Kg5 44. Rf4 Qa1+ 45. Kg2 Kxh5 46. h4 g5 47. g4+ Kxh4 48. Re4 Qf6 0-1

[Event "Festival St-Denis"]
[Site "Montreal CAN"]
[Date "2017.07.27"]
[Round "6.11"]
[White "Goldner, John"]
[Black "Abbas, Talal"]
[Result "0-1"]
[WhiteElo "1766"]
[BlackElo "1923"]
[WhiteFideId "-1"]
[WhiteFideId "-1"]
[PlyCount "112"]
[GameId "2160767908347833"]
[EventDate "2017.07.22"]
[EventType "swiss"]
[EventRounds "9"]
[EventCountry "CAN"]

1. e4 c5 2. Nf3 d6 3. d4 cxd4 4. Nxd4 Nf6 5. Nc3 a6 6. Bg5 Nbd7 7. Qd2 b5 8. f3 Bb7 9. O-O-O Rc8 10. Kb1 e6 11. Bd3 Be7 12. g4 Qc7 13. Bxf6 Bxf6 14. Bxb5 axb5 15. Ndxb5 Qc6 16. Nxd6+ Ke7 17. Nxc8+ Rxc8 18. Ne2 g6 19. c3 Ba6 20. Nd4 Qc7 21. f4 e5 22. fxe5 Nxe5 23. g5 Bg7 24. Rhe1 Rb8 25. b3 Nc4 26. Qc1 Ne5 27. Re3 Qc5 28. Rh3 Kf8 29. Qf4 Rb6 30. Rxh7 Bd3+ 31. Kb2 Ba6 32. Qf2 Kg8 33. Rxg7+ Kh8 34. Qg1 Nc4+ 35. Ka1 Qa3 36. Rb1 Kxg7 37. Nc2 Qa5 38. Qd4+ Ne5 39. Nb4 Bb7 40. Nd3 Re6 41. b4 Qc7 42. b5 Kg8 43. b6 Qe7 44. Nc5 Rd6 45. Qb4 Nc6 46. Nxb7 Nxb4 47. Nxd6 Nc6 48. Rd1 Qxg5 49. b7 Qe5 50. Kb2 Qxh2+ 51. Kb3 Na5+ 52. Ka3 Nc6 53. Rd5 Qg1 54. Kb2 Qf2+ 55. Kb3 Kg7 56. a4 Qg1 0-1